| 000 | 00629nam a22002052 4500 | ||
|---|---|---|---|
| 001 | 0000007395 | ||
| 005 | 20151217145837.0 | ||
| 008 | 080123s xx 000 0 eng d | ||
| 020 |
_a8171692338 : _cKES 3150 |
||
| 040 |
_aKABU _cKABU |
||
| 245 | 1 | 0 |
_aInstructional objectives and teacher education / _ceditors, V. K. Rao, R. S. Reddy. |
| 260 |
_aNew Delhi : _bCommonwealth, _c2007. |
||
| 300 | _av, 306 p. | ||
| 650 | 0 |
_aTeachers _xTraining of. _@0000158634 |
|
| 700 | 1 |
_aRao, V. K. _@0000158635 |
|
| 700 | 1 |
_aReddy, R. S. _@0000158636 |
|
| 908 | _a080123 | ||
| 950 | _@1 | ||
| 999 |
_c3191 _d3191 |
||